13 rappeurs français qui ont déjà été en prison - Statistiques

Statistiques générales
  • Ce quiz a été pris 539 fois
  • Le résultat moyen est 7 sur 13
Statistiques - réponses
Raison de leur sanction Titre d'une musique Réponse % Correct
il n'a pas respecté son contrôle judiciaire. Le rappeur marseillais, Accusé de viols et d'agressions sexuelles La kiffance Naps
85%
Il a été condamné violence en boite de nuit + crash de voiture Ténébreux #1 Koba la D
83%
il a fait un tour par la case prison à cause du trafic de drogue. Au DD Tarik (Ademo – PNL)
82%
Meurt** Afro trap MHD
81%
Il a été incarcéré 3 fois en tout. Une première fois pour le braquage d’un taxi, puis pour des affaires de stupéfiants. Caramel Booba
71%
il a été en prison, dans sa jeunesse mais aussi beaucoup plus récemment, pour l’utilisation d’armes dans ses clips. réal Madrid Lacrim
52%
il a fait un tour par la case prison pour trafic de drogue. Quand je partirai La Fouine
38%
Il a été condamné pour une histoire de stupéfiant, puis incarcéré suite à une cavale de plus deux ans. j'regarde en l'air Mister You
36%
il est allé en prison à plusieurs reprises : utilisation d’armes à feu en boite de nuit, drogue… la puissance Rohff
35%
il a été incarcéré en raison de violence faite à une femme. Barlou Seth Gueko
31%
Les raisons de cette incarcération ? Violences volontaires avec menace d’une arme et destruction de bien privé… Laisse pas trainer ton fils Joey Starr
28%
La raison ? Une course-poursuite à Marseille où il avait « des trucs » dans la voiture (drogue, arme, on imagine) Bande Organisée Elams
21%
C’est des histoires de racket qui l'ont fait tombé . escorte girl Guizmo
14%
Aucun quiz correspondant
Distribution des résultats
% des personnes avec chaque résultat
Percentile par nombre de réponses
Votre historique - résultats
Vous n’avez pas pris ce quiz